000 00586nam a2200217Ia 4500
008 180523s9999 xx 000 0 und d
020 _a978-1-78064-229-1
050 _aMAIN G 156.5
050 _b.H47C85 2010
245 0 _aCultural tourism research methods /
245 0 _cedited By Greg Richards and Wil Munsters.
260 _aUnited Kingdom :
260 _bCABI,
260 _c2010
300 _a228 pages :
300 _billustrations ;
300 _c25 cm.
500 _aIncludes index.
650 _aHeritage tourism -- Research.
650 _xTourism -- Research.
999 _c356670
_d356670